| 000 | 00344nam a2200121 4500 | ||
|---|---|---|---|
| 005 | 20260224121800.0 | ||
| 008 | 260224b |||||||| |||| 00| 0 eng d | ||
| 100 | _aTansley Arthur | ||
| 245 |
_aIntroduction to Plant Ecology _c/Arthur Tansley |
||
| 260 |
_aLondon; _bGeorge Allen & Unwin ltd; _c1923 |
||
| 300 |
_a263p, ill; _c20cm |
||
| 942 |
_2lcc _n0 _cBK |
||
| 999 |
_c170 _d170 |
||